Países por Bandera y Forma #8 - Estadísticas

Estadísticas generales
  • Esta prueba ha sido intentada 3.702 veces
  • La puntuación promedio es 15 de 16
Estadísticas de respuestas
Imagen Respuesta % Correcto
Ciudad del Vaticano
98%
Irlanda
97%
Ecuador
96%
Países Bajos
96%
Paraguay
95%
Eslovenia
93%
Irak
93%
Kenia
93%
Bangladés
92%
Bulgaria
92%
Ghana
89%
Etiopía
88%
Laos
88%
Camboya
87%
Libia
80%
Malaui
74%
No se encontraron pruebas coincidentes
Distribución de puntuación
Porcentaje de gente con cada puntuación
Porcentaje por número respondido
Historial de tus puntuaciones
No has intentado esta prueba.